MARC details
| 000 -LEADER |
| fixed length control field |
02329cam a2200481Ii 4500 |
| 001 - CONTROL NUMBER |
| control field |
15992538 |
| 003 - CONTROL NUMBER IDENTIFIER |
| control field |
EG-ScBUE |
| 005 - DATE AND TIME OF LATEST TRANSACTION |
| control field |
20220303125821.0 |
| 007 - PHYSICAL DESCRIPTION FIXED FIELD--GENERAL INFORMATION |
| fixed length control field |
cr ||||||||||| |
| 008 - FIXED-LENGTH DATA ELEMENTS--GENERAL INFORMATION |
| fixed length control field |
210421s2022 moua f b 001 0 eng d |
| 020 ## - INTERNATIONAL STANDARD BOOK NUMBER |
| International Standard Book Number |
9780323698207 |
| 035 ## - SYSTEM CONTROL NUMBER |
| System control number |
(OCoLC)on1246725604 |
| 035 ## - SYSTEM CONTROL NUMBER |
| System control number |
15992538 |
| 040 ## - CATALOGING SOURCE |
| Original cataloging agency |
COU |
| Language of cataloging |
eng |
| Description conventions |
rda |
| Transcribing agency |
COU |
| Modifying agency |
OCLCO |
| -- |
INM |
| -- |
OCLCA |
| -- |
MNU |
| -- |
OCLCO |
| -- |
EG-ScBUE |
| 082 04 - DEWEY DECIMAL CLASSIFICATION NUMBER |
| Edition number |
22 |
| Classification number |
617.645 |
| Item number |
MCD |
| 130 0# - MAIN ENTRY--UNIFORM TITLE |
| Uniform title |
Dentistry for the child and adolescent (McDonald) |
| 245 10 - TITLE STATEMENT |
| Title |
McDonald and Avery's dentistry for the child and adolescent / |
| Statement of responsibility, etc |
[edited by] Jeffrey A. Dean ; associate editors, James E. Jones, Brian J. Sanders, LaQuia A. Walker Vinson, Juan Fernando Yepes ; video producer, Allison C. Scully. |
| 246 30 - VARYING FORM OF TITLE |
| Title proper/short title |
Dentistry for the child and adolescent |
| 250 ## - EDITION STATEMENT |
| Edition statement |
Eleventh edition. |
| 264 #1 - PUBLICATION, DISTRIBUTION, ETC. (IMPRINT) |
| Place of publication, distribution, etc |
St. Louis, Missouri : |
| Name of publisher, distributor, etc |
Elsevier, |
| Date of publication, distribution, etc |
[2022] |
| 264 #4 - PUBLICATION, DISTRIBUTION, ETC. (IMPRINT) |
| Date of publication, distribution, etc |
c2022 |
| 300 ## - PHYSICAL DESCRIPTION |
| Extent |
xviii, 734 pages : |
| Other physical details |
illustrations (chiefly color) ; |
| Dimensions |
30 cm |
| 336 ## - CONTENT TYPE |
| Content type term |
text |
| Content type code |
txt |
| Source |
rdacontent |
| 336 ## - CONTENT TYPE |
| Content type term |
still image |
| Content type code |
sti |
| Source |
rdacontent |
| 337 ## - MEDIA TYPE |
| Media type term |
computer |
| Media type code |
c |
| Source |
rdamedia |
| 338 ## - CARRIER TYPE |
| Carrier type term |
online resource |
| Carrier type code |
cr |
| Source |
rdacarrier |
| 500 ## - GENERAL NOTE |
| General note |
Revision of: McDonald and Avery's dentistry for the child and adolescent / [edited by] Jeffrey A. Dean, David R. Avery, Ralph E. McDonald. 10th ed. c2016. |
| 504 ## - BIBLIOGRAPHY, ETC. NOTE |
| Bibliography, etc |
Includes bibliographical references and index. |
| 506 ## - RESTRICTIONS ON ACCESS NOTE |
| Terms governing access |
Access restricted by licensing agreement. |
| 590 ## - LOCAL NOTE (RLIN) |
| Local note |
Access is available to the Yale community. |
| 650 #7 - SUBJECT ADDED ENTRY--TOPICAL TERM |
| Topical term or geographic name as entry element |
Dental Care for Children. |
| Source of heading or term |
BUEsh |
| 650 #7 - SUBJECT ADDED ENTRY--TOPICAL TERM |
| Topical term or geographic name as entry element |
Pedodontics. |
| Source of heading or term |
BUEsh |
| 9 (RLIN) |
39506 |
| 650 #7 - SUBJECT ADDED ENTRY--TOPICAL TERM |
| Topical term or geographic name as entry element |
Pediatric Dentistry |
| General subdivision |
methods. |
| Source of heading or term |
BUEsh |
| 9 (RLIN) |
41624 |
| 653 ## - INDEX TERM--UNCONTROLLED |
| Resource For college |
Dentistry |
| Arrived date list |
March2022 |
| 655 ## - INDEX TERM--GENRE/FORM |
| Form subdivision |
Reading book |
| 9 (RLIN) |
34232 |
| 700 1# - ADDED ENTRY--PERSONAL NAME |
| Personal name |
Dean, Jeffrey A. |
| Fuller form of name |
(Jeffrey Alan), |
| Relator term |
editor. |
| 730 0# - ADDED ENTRY--UNIFORM TITLE |
| Uniform title |
Elsevier ClinicalKey eBooks. |
| Miscellaneous information |
OCLC KB. |
| 730 0# - ADDED ENTRY--UNIFORM TITLE |
| Relationship information |
Revision of (expression): |
| Uniform title |
McDonald and Avery's dentistry for the child and adolescent. |
| Version |
10th ed |
| Date of treaty signing |
�2016. |
| 776 08 - ADDITIONAL PHYSICAL FORM ENTRY |
| Display text |
Print version: |
| Title |
McDonald and Avery's dentistry for the child and adolescent. |
| Edition |
Eleventh edition. |
| Place, publisher, and date of publication |
St. Louis, Missouri : Elsevier, [2021] |
| International Standard Book Number |
9780323698207 |
| Record control number |
(OCoLC)1242744083 |
| 856 40 - ELECTRONIC LOCATION AND ACCESS |
| Link text |
Online book |
| -- |
Online book |
| Uniform Resource Identifier |
<a href="https://yale.idm.oclc.org/login?URL=https://www.clinicalkey.com/dura/browse/bookChapter/3-s2.0-C20180045922">https://yale.idm.oclc.org/login?URL=https://www.clinicalkey.com/dura/browse/bookChapter/3-s2.0-C20180045922</a> |
| 942 ## - ADDED ENTRY ELEMENTS (KOHA) |
| Source of classification or shelving scheme |
Dewey Decimal Classification |
| Koha item type |
Book - Borrowing |